[Event "GER-ch U10"]
[Site "Willingen"]
[Date "2021.08.25"]
[Round "5"]
[White "Payyappat, Sayas"]
[Black "Mandalka, Justus"]
[Result "1-0"]
[WhiteElo "1233"]
[BlackElo "1440"]
[PlyCount "133"]
[EventDate "2021.08.22"]
[EventType "swiss"]
[EventRounds "11"]
[EventCountry "GER"]
[SourceTitle "EXT 2022"]
[Source "ChessBase"]
[SourceDate "2021.10.06"]
[SourceVersion "1"]
[SourceVersionDate "2021.10.06"]
[SourceQuality "1"]

1. e4 c5 2. Nf3 Nc6 3. d4 cxd4 4. Nxd4 g6 5. c4 Bg7 6. Be3 Nf6 7. Nc3 0-0 8. Be2 d6 9. Qd2 Bd7 10. f3 Nxd4 11. Bxd4 Bc6 12. 0-0 Nd7 13. Be3 Nc5 14. Rfd1 Qc7 15. b3 a6 16. Rab1 Rfd8 17. Qc2 a5 18. Nd5 Bxd5 19. Rxd5 Rdc8 20. Rbd1 Qc6 21. f4 Na6 22. a3 Nc7 23. R5d2 b6 24. Bf3 Qe8 25. Bxb6 Rab8 26. Bf2 Nb5 27. a4 Nc7 28. e5 dxe5 29. fxe5 Bxe5 30. Ba7 Rb4 31. Bc5 Rbb8 32. Rd7 Bf6 33. Ba3 Na6 34. R7d5 Nb4 35. Bxb4 axb4 36. Qa2 Rc7 37. a5 Ra7 38. a6 e6 39. Ra5 Bd8 40. Ra4 e5 41. Bb7 Bb6+ 42. Kh1 Bc5 43. Ra5 Qe7 44. Re1 Rd8 45. g3 f5 46. Qe2 e4 47. Bd5+ Kg7 48. g4 Bd4 49. gxf5 gxf5 50. Qg2+ Kh8 51. Rd1 e3 52. Qe2 Qe5 53. Rb5 Rg7 54. Bf3 Qe7 55. Rxf5 Rdg8 56. Bd5 Ba7 57. Bxg8 Qe4+ 58. Rf3 Bd4 59. Bd5 Qe7 60. Rxd4 Rg5 61. Re4 Qd8 62. Qxe3 Rxd5 63. Re8+ Kg7 64. Rxd8 Rh5 65. Qe7+ Kg6 66. Rg8+ Kh6 67. Qe6# 1-0

[Event "GER-ch U10"]
[Site "Willingen"]
[Date "2021.08.23"]
[Round "2"]
[White "Mandalka, Justus"]
[Black "Sajka, Noah"]
[Result "1-0"]
[WhiteElo "1440"]
[BlackElo "1402"]
[PlyCount "77"]
[EventDate "2021.08.22"]
[EventType "swiss"]
[EventRounds "11"]
[EventCountry "GER"]
[SourceTitle "EXT 2022"]
[Source "ChessBase"]
[SourceDate "2021.10.06"]
[SourceVersion "1"]
[SourceVersionDate "2021.10.06"]
[SourceQuality "1"]

1. e4 c5 2. Nf3 d6 3. d4 cxd4 4. Nxd4 Nf6 5. Nc3 a6 6. a4 e6 7. Be2 b6 8. Be3 Bb7 9. Bf3 Qc7 10. 0-0 Be7 11. Qd2 0-0 12. Rfe1 Nbd7 13. Bf4 Ne5 14. Rad1 Nc4 15. Qc1 e5 16. Nf5 exf4 17. Qxf4 Ne5 18. Nd5 Nxd5 19. exd5 Bf6 20. Be4 Bc8 21. h4 Qd8 22. g3 Kh8 23. Kg2 g5 24. Qc1 gxh4 25. Rh1 Rg8 26. Qh6 Ng6 27. Rh2 Bg5 28. Qh5 Qf6 29. Nd4 Qe5 30. Bxg6 Rxg6 31. Nf3 Qe4 32. Rd4 Qf5 33. Nxh4 Bxh4 34. Qxh4 Rg7 35. Qd8+ Rg8 36. Qxd6 b5 37. Rdh4 Bb7 38. Qf6+ Rg7 39. Qxf5 1-0

[Event "GER-ch U10"]
[Site "Willingen"]
[Date "2020.10.31"]
[Round "7"]
[White "Zhang, Yibo"]
[Black "Mandalka, Justus"]
[Result "0-1"]
[WhiteElo "1299"]
[BlackElo "1437"]
[PlyCount "119"]
[EventDate "2020.10.26"]
[EventType "swiss"]
[EventRounds "7"]
[EventCountry "GER"]
[SourceTitle "CBM 199 Extra"]
[Source "ChessBase"]
[SourceDate "2021.01.31"]
[SourceVersion "1"]
[SourceVersionDate "2021.01.31"]
[SourceQuality "1"]

1. e4 c5 2. Nf3 Nc6 3. d4 cxd4 4. Nxd4 g6 5. Nc3 Bg7 6. Be3 d6 7. Bc4 a6 8. 0-0 e6 9. Re1 Nge7 10. Bb3 0-0 11. Qd2 Re8 12. Rad1 d5 13. Qe2 Nxd4 14. Bxd4 e5 15. Bc5 d4 16. Nd5 Nxd5 17. Bxd5 Qc7 18. Ba3 Be6 19. Bxe6 Rxe6 20. Rd3 Rc6 21. b3 Rxc2 22. Rd2 Rc8 23. g3 Bh6 24. Rxc2 Qxc2 25. Qxc2 Rxc2 26. Bd6 f6 27. Rd1 Re2 28. f3 Be3+ 29. Kf1 Rxh2 30. f4 Rf2+ 31. Ke1 exf4 32. Bxf4 Rxa2 33. Bxe3 dxe3 34. Rd8+ Kg7 35. Rd7+ Kh6 36. Rxb7 Rb2 37. Rb6 Kg5 38. Rxa6 Rxb3 39. Ke2 h5 40. Rd6 f5 41. e5 Rb5 42. Re6 f4 43. gxf4+ Kxf4 44. Rxg6 Rxe5 45. Rd6 h4 46. Rh6 Kg3 47. Rh8 h3 48. Rh7 Kg2 49. Rh8 h2 50. Rg8+ Kh3 51. Rh8+ Kg3 52. Rh7 Re4 53. Rg7+ Kh3 54. Kf3 h1Q+ 55. Ke2 Qg2+ 56. Rxg2 Kxg2 57. Kd1 e2+ 58. Ke1 Re8 59. Kd2 e1Q+ 60. Kc2 0-1

[Event "GER-ch U10"]
[Site "Willingen"]
[Date "2020.10.30"]
[Round "6"]
[White "Mandalka, Justus"]
[Black "Meng, Yuxuan"]
[Result "1-0"]
[WhiteElo "1437"]
[BlackElo "1515"]
[PlyCount "125"]
[EventDate "2020.10.26"]
[EventType "swiss"]
[EventRounds "7"]
[EventCountry "GER"]
[SourceTitle "CBM 199 Extra"]
[Source "ChessBase"]
[SourceDate "2021.01.31"]
[SourceVersion "1"]
[SourceVersionDate "2021.01.31"]
[SourceQuality "1"]

1. e4 c5 2. Nf3 e6 3. c3 Nf6 4. e5 Nd5 5. d4 cxd4 6. cxd4 Nc6 7. Bc4 Nb6 8. Bb3 h6 9. 0-0 d6 10. Qe2 d5 11. Nc3 a6 12. Bc2 Bd7 13. a3 Qc7 14. Rb1 Be7 15. Rd1 Nc4 16. Na2 0-0-0 17. Qd3 f6 18. b3 Nb6 19. Re1 fxe5 20. dxe5 Rhf8 21. Bb2 Bc5 22. b4 Be7 23. Bb3 Kb8 24. Nc3 Be8 25. Ne2 Bh5 26. Ned4 Nxd4 27. Nxd4 Bg4 28. Rec1 Qd7 29. f3 Bf5 30. Nxf5 Rxf5 31. Bd4 Nc4 32. Bxc4 dxc4 33. Rxc4 b5 34. Rc3 Qxd4+ 35. Qxd4 Rxd4 36. Rbc1 Rd7 37. Rc6 Rxe5 38. Rxa6 Kb7 39. Rcc6 Red5 40. Rab6+ Ka8 41. Ra6+ Ra7 42. Rxa7+ Kxa7 43. Rc7+ Kb6 44. Rxe7 Rg5 45. Rxe6+ Kc7 46. h4 Rh5 47. Re7+ Kd6 48. Rxg7 Rxh4 49. g3 Rh5 50. Kg2 Ke6 51. g4 Rg5 52. Rb7 Kf6 53. Kg3 Rd5 54. Rb6+ Kg7 55. Kh4 Re5 56. f4 Rd5 57. g5 hxg5+ 58. fxg5 Rd4+ 59. Kh5 Rd5 60. Rb7+ Kg8 61. Kh6 Rd6+ 62. g6 Rd8 63. Rxb5 1-0